000 01098cam a22002891i 4500
003 SA-RiAUC
005 20251030112807.0
008 251021s2006 ua g 000 0 ara c
040 _aSA-JeALM
_bara
_cSA-RiAUC.
_erda
041 1 _aara
_hund
050 4 _b.N81 2006
082 0 4 _a252
_qSA-RiAUC
090 _a252
_bن و ر
100 1 _aالنورسي، سعيد،
_d1873-1960
_eمؤلف.
245 1 0 _aكلمات صغيرة في العبادة والعقيدة /
_cسعيد النورسي ؛ ترجمة إحسان قاسم الصالحي.
250 _aالطبعة الرابعة.
264 1 _aالقاهرة :
_bشركة سوزلر للنشر,
_c2007
300 _a78 صفحة ؛
_c16 سم
336 _aنص
_btxt
_2rdacontent
_3كتاب
337 _aبدون وسيط
_bn
_2rdamedia
338 _aمجلد
_bnc
_2rdacarrier
650 7 _aالعبادات (فقه إسلامي)
_2aucsh
650 7 _aعلم الكلام
_2aucsh
700 1 _aالصالحي، إحسان قاسم،
_d1936-
_eمترجم.
942 _2ddc
_cBOOK
_n0
949 _aSA-JeALM
_d251021
_umohamedma123
_n1
999 _c12811
_d12811